• 首页
  • 本馆介绍
  • 公告通知
  • 最新文献
  • 馆藏检索
  • 电子资源
  • 读者导购
  • 参考咨询
  • 我的图书馆
  • 登录
  • 详细信息显示
  • 放入我的书架
  • 预约/预借图书
  • 作者相关作品
  • 分类相关作品
  • 丛书相关作品
  • 出版社相关作品

书目信息

  • 表格格式
  • 工作单格式
  • 卡片格式
题名:
中国古代藏书与近代图书馆史料
    
 
作者: 张椒华 , 李希泌 编
分册:  
出版信息: 北京   中华书局  1982
页数: 546页
开本: 21cm
丛书名:
单 册:
中图分类: G259.29
科图分类:
主题词: 藏书--中国--古代 , 文化史-图书馆事业--中国--近代--史料 , 图书馆事业-文化史--中国--近代--史料
电子资源:
ISBN:
000 00810nam0 2200265 45
001 0182003145
005 20060814175359.42
010    @dCNY2.00
091    @aCN@b11018.963
100    @a19950613d1982 emky0chiy0121 ea
101 0  @achi
102    @aCN@b110000
105    @af z 000yy
200 10 @a中国古代藏书与近代图书馆史料@Azhong guo gu dai cang shu yu jin dai tu shu guan shi liao@e春秋至五四前后@f李希泌,张椒华编
210    @a北京@c中华书局@d1982
215    @a546页@c照片@d21cm
606    @a藏书@y中国@z古代
606    @a文化史-图书馆事业@y中国@z近代@x史料
606    @a图书馆事业-文化史@y中国@z近代@x史料
690    @aG259.29@v3
701  0 @a张椒华@Azhang jiao hua@4编
701  0 @a李希泌@Ali xi bi@4编
801  2 @aCN@bNLC@c20060814
801  0 @aCN@bTSSF
905    @a10447@dG259.29@e26
    
    中国古代藏书与近代图书馆史料:春秋至五四前后/李希泌,张椒华编.-北京:中华书局,1982
    546页:照片;21cm
    
    
    ISBN :CNY2.00
    
●
相关链接 在E读中查询图书 在五车中查询图书 在当当中查询图书 在豆瓣中查询图书


正题名:中国古代藏书与近代图书馆史料     索取号:G259.29/26         预约/预借

序号 登录号 条形码 馆藏地/架位号 状态 备注
1 0063907   000990510   密集书库/ [索取号:G259.29/26] 在馆    
2 0200192   000990501   密集书库/ [索取号:G259.29/26] 在馆    
3 0460029   204600299   密集书库/ [索取号:G259.29/26] 在馆    
4 0460030   204600306   密集书库/ [索取号:G259.29/26] 在馆    
5 0460365   204603651   密集书库/ [索取号:G259.29/26] 在馆    
欢迎您!
大连网信软件有限公司© 版权所有